01414 2200589 4500001002100000005001500021035002000036007000300056008004100059020002200100082001500122084002100137100002200158245009700180250001500277300004400292600002400336264003000360336002100390337003000411338002300441990001200464990001200476990001200488990001200500990001200512990001200524990001200536990001200548990001200560990001200572990001200584990001200596990001200608990001200620990001200632990001200644990001200656990001200668990001200680990001200692990001200704990001200716990001200728990001200740990001200752990001200764990001200776990001200788990001200800990001200812INLIS00000000000067520260109010939 a0010-0126000015ta260109 0 ind  a978-623-01-4027-3 a621.46.076 a621.46.076 FAT p0 aFathunePengarang1 aPerawatan dan Perbaikan Sepeda Motor Listrik dan Hybrid :bSMK/MAK Fase F Kelas XI /cFathun aed 1 cet 1 axvi, 112 halaman :bilus ;c17,6 x 25cm 4aTeknik Sepeda Motor aYogyakarta :bAndi,c2025 2rdacontentateks 2rdamediaatanpa perantara 2rdacarrieravolume a25.1781 a25.1782 a25.1783 a25.1784 a25.1785 a25.1786 a25.1787 a25.1788 a25.1789 a25.1790 a25.1791 a25.1792 a25.1793 a25.1794 a25.1795 a25.1796 a25.1797 a25.1798 a25.1799 a25.1800 a25.1801 a25.1802 a25.1803 a25.1804 a25.1805 a25.1806 a25.1807 a25.1808 a25.1809 a25.1810